LDR 01003naa#a2200169#i#450# 001 RU\\bibl\116589 005 20260501071628.5 011 ## _a1994-4683 100 ## _a20260429b2026####ek#y0rusy0150####ca 102 ## _aRU 200 1# _aИсследование влияния порядка сеансов работы радиопередатчиков на время прохождения дистанции в спортивной радиопеленгации (на примере имитационной модели) _eЖурнальная статья 210 1# _aМосква _cНациональный государственный Университет физической культуры, спорта и здоровья им. П.Ф. Лесгафта _d2026 215 ## _a6 с. 608 ## _aЖурнальная статья _2local 675 ## _aСпортивное ориентирование. 796.56 _z 700 #1 _aАбрамов _gАлексей Валерьевич 856 4# _auchzapiski.lesgaft.spb.ru _u